Normal view
MARC view
Entry Personal Name
001 - CONTROL NUMBER
- control field: 37725
003 - CONTROL NUMBER IDENTIFIER
- control field: dpl
005 - DATE AND TIME OF LATEST TRANSACTION
- control field: 20111228105334.0
008 - FIXED-LENGTH DATA ELEMENTS
- fixed length control field: 111228|||a|||||| | ||| d
040 ## - CATALOGING SOURCE
- Original cataloging agency: dpl
- Transcribing agency: dpl
100 ## - HEADING--PERSONAL NAME
- Personal name: तलवार,वीरभारत
670 ## - SOURCE DATA FOUND
- Source citation: Work cat.: (dpl)58100: तलवार,वीरभारत, रस्साकशी /, 2006
670 ## - SOURCE DATA FOUND
- Source citation: Work cat.: (dpl)58100: तलवार,वीरभारत, रस्साकशी /, 2006
